• 首页
  • 本馆介绍
  • 公告通知
  • 最新文献
  • 馆藏检索
  • 电子资源
  • 读者导购
  • 参考咨询
  • 我的图书馆
  • 登录
  • 详细信息显示
  • 放入我的书架
  • 预约/预借图书
  • 作者相关作品
  • 分类相关作品
  • 丛书相关作品
  • 出版社相关作品

书目信息

  • 表格格式
  • 工作单格式
  • 卡片格式
题名:
鬼谷子
    
 
作者: 李奎 编著
分册:  
出版信息: 沈阳   辽海出版社  2019.07
页数: 186页
开本: 21cm
丛书名:
单 册:
中图分类: B228.04
科图分类:
主题词: 纵横家--zong heng jia
电子资源:
ISBN: 978-7-5451-5558-7
000 00726nam0 2200241 450
001 CAL 0120151652733
005 20230217093111.0
010    @a978-7-5451-5558-7@dCNY59.80
100    @a20190827d2019 em y0chiy0120 ea
101 0  @achi
102    @aCN@b210000
105    @ay z 000yy
106    @ar
200 1  @a鬼谷子@Agui gu zi@f李奎编著
210    @a沈阳@c辽海出版社@d2019.07
215    @a186页@d21cm
330    @a本书除收录《鬼谷子》原典外, 还对其予以注释、翻译, 并讲述了相关的历史故事, 以阐明其中蕴含的智慧。
605    @a鬼谷子@Agui gu zi@x译文
606 0  @a纵横家@Azong heng jia
690    @aB228.04@v5
701  0 @a李奎@Ali kui@4编著
801  0 @aCN@bBJXHZP@c20230228
905    @b1389249-53@dB228.04@e1073@f5
    
    鬼谷子/李奎编著.-沈阳:辽海出版社,2019.07
    186页;21cm
    
    
    ISBN 978-7-5451-5558-7:CNY59.80
    本书除收录《鬼谷子》原典外, 还对其予以注释、翻译, 并讲述了相关的历史故事, 以阐明其中蕴含的智慧。
●
相关链接 在E读中查询图书 在五车中查询图书 在当当中查询图书 在豆瓣中查询图书


正题名:鬼谷子     索取号:B228.04/1073         预约/预借

序号 登录号 条形码 馆藏地/架位号 状态 备注
1 1389249   213892493   第一样本阅览室/ [索取号:B228.04/1073] 在馆    
2 1389250   213892509   第一借阅区/ [索取号:B228.04/1073] 在馆    
3 1389251   213892518   第一借阅区/ [索取号:B228.04/1073] 在馆    
4 1389252   213892527   第一借阅区/ [索取号:B228.04/1073] 在馆    
5 1389253   213892536   第一借阅区/ [索取号:B228.04/1073] 在馆    
唐山师范学院图书馆 欢迎您!
大连网信软件有限公司© 版权所有